Historia de la cultura oriental / (Record no. 34052)

MARC details
000 -LEADER
campo de control de longitud fija 00877nam a2200229 i 4500
001 - NÚMERO DE CONTROL
campo de control 34052
003 - IDENTIFICADOR DE NÚMERO DE CONTROL
campo de control ES-MaACL
005 - FECHA Y HORA DE LA ÚLTIMA TRANSACCIÓN
campo de control 20250630225025.0
007 - CAMPO FIJO DE DESCRIPCIÓN FÍSICA--INFORMACIÓN GENERAL
campo de control de longitud fija t|
008 - DATOS DE LONGITUD FIJA--INFORMACIÓN GENERAL
campo de control de longitud fija 030204s1968 sp ||||1| spa d
100 1# - ENTRADA PRINCIPAL--NOMBRE DE PERSONA
Nombre de persona Boekhoff, Hermann.
9 (RLIN) 29742
245 10 - MENCIÓN DEL TÍTULO
Título Historia de la cultura oriental /
Mención de responsabilidad, etc. bajo la dirección de Hermann Boekhoff y Fritz Winzer ; prólogo... Luis Pericot García ; [traducción por Luis Carroggió de Molina, Luis Correal Cubells, Michael Faber Kaiser].
260 ## - PUBLICACIÓN, DISTRIBUCIÓN, ETC.
Lugar de publicación, distribución, etc. Barcelona, etc. :
Nombre del editor, distribuidor, etc. Labor,
Fecha de publicación, distribución, etc. [1968]
300 ## - DESCRIPCIÓN FÍSICA
Extensión 571 p., 62 lám. ;
Dimensiones 30 cm.
700 1# - ENTRADA AGREGADA--NOMBRE PERSONAL
Nombre de persona Winzer, Fritz.
9 (RLIN) 117128
700 1# - ENTRADA AGREGADA--NOMBRE PERSONAL
Nombre de persona Pericot, Luis,
Fechas asociadas al nombre 1899-1978
9 (RLIN) 91262
700 1# - ENTRADA AGREGADA--NOMBRE PERSONAL
Nombre de persona Carroggió de Molina, Luis.
9 (RLIN) 35837
700 1# - ENTRADA AGREGADA--NOMBRE PERSONAL
Nombre de persona Correal Cubells, Luis.
9 (RLIN) 40764
700 0# - ENTRADA AGREGADA--NOMBRE PERSONAL
Nombre de persona Faber-Kaiser, Michael.
9 (RLIN) 48510
852 ## - LOCALIZACIÓN
Ubicación ES-MaACL
Número de control de estantería C-35640
Sublocalización o colección R.68693
Holdings
Estatus retirado Estado de pérdida Estado de daño No para préstamo Biblioteca de origen Biblioteca actual Ubicación en estantería Fecha de adquisición Fuente de adquisición Total de préstamos Signatura topográfica completa Código de barras Visto por última vez Precio de reemplazo Tipo de ítem Koha
        Biblioteca del Ateneo de Madrid Biblioteca del Ateneo de Madrid Depósito 2 17/01/2008     C-35640 1035498 23/02/2023 23/02/2023 Libro impreso